Vocabulario de información y documentación automatizada /
Obra de referencia de definiciones de términos utilizados en los ámbitos de la informática, la biblioteconomía, la documentación, la tecnología, los sistemas multimedia y la archivística.
Zapisane w:
| 1. autor: | |
|---|---|
| Kolejni autorzy: | |
| Format: | Książka |
| Język: | hiszpański |
| Wydane: |
Valencia, España :
Universidad de Valencia,
2003, c2003
|
| Seria: | (Educació. Materials ;
66) |
| Hasła przedmiotowe: | |
| Etykiety: |
Nie ma etykietki, Dołącz pierwszą etykiete!
|
MARC
| LEADER | 00000nam^a2200000^a^4500 | ||
|---|---|---|---|
| 001 | 000182864 | ||
| 005 | 20250521000000.0 | ||
| 009 | 20260310102020.945 | ||
| 020 | |a 84-370-5668-3 | ||
| 037 | |a Acervo ITESO - Biblioteca | ||
| 041 | |a ESP | ||
| 082 | |a 025. 0403 |b COR | ||
| 100 | |a Corbalán Sánchez, Luis M. |e (autor) | ||
| 245 | 1 | 0 | |a Vocabulario de información y documentación automatizada / |c L.M. Corbalán, C.B. Amat. |
| 264 | 4 | |a Valencia, España : |b Universidad de Valencia, |c 2003, c2003 | |
| 300 | |a 188 p. | ||
| 336 | |a texto |b txt |2 rdacontenido | ||
| 337 | |a sin mediación |b n |2 rdamedio | ||
| 338 | |a volumen |b nc |2 rdasoporte | ||
| 440 | 1 | |a (Educació. |p Materials ; |v 66) | |
| 520 | |a Obra de referencia de definiciones de términos utilizados en los ámbitos de la informática, la biblioteconomía, la documentación, la tecnología, los sistemas multimedia y la archivística. | ||
| 649 | |a XX | ||
| 650 | |a Sistemas de Información - |x Enciclopedias y Diccionarios | ||
| 650 | |a Sistemas Computacionales - |x Enciclopedias y Diccionarios | ||
| 650 | |a Informática - |x Enciclopedias y Diccionarios | ||
| 650 | |a Documentación - |x Enciclopedias y Diccionarios | ||
| 650 | |a Biblioteconomía - |x Enciclopedias y Diccionarios | ||
| 650 | |a Enciclopedias y Diccionarios | ||
| 700 | |a Amat, Carlos Benito |e (autor) | ||
| 910 | |a Fondo General | ||
| 920 | |a Impresos - Libros | ||
| 930 | |a Obras de Referencia | ||
| 940 | |a Biblioteconomía | ||
| 905 | |a 102 | ||
| 901 | |a 0500123038 |b IT2 |c REF |u 20250521 | ||
| 902 | |a https://opac.biblio.iteso.mx/vufind/Record/000182864 | ||